000 05721nam a22004217a 4500
005 20091113101412.0
008 091113t xxu||||| |||| 00| 0 hin d
010 _aHIN-88480
020 _a9788182030114
_c350.00
035 _aB-377789-799
035 _aHN-60826
037 _bलोकप्रिय प्रकाशन / PUB
040 _aDPL
_bHN
082 _a808.6
100 _aमिश्र, राजेन्द्र
245 _aआधुनिक पत्र-लेखन /
_cराजेन्द्र मिश्र एवं प्रहलाद तिवारी
246 _aAadhunika patra lekhana
_bby Rajendra Mishra and Prahalad Tiwari
260 _aदिल्ली
_bलोकप्रिय प्रकाशन
_c2009
270 _a79, चन्दु पार्क, गली नं-20
_bदिल्ली
_e110051
300 _a248पृ
_c22सेमी (सजिल्द)
650 _aपत्र लेखन
650 _aLetter writing
700 _aतिवारी, प्रहलाद
942 _2ddc
_cHN
_h808.6
_mमिश्ररा
999 _c31741
_d31741